Fútbol Argentino - Plantel Racing Club 2025 - Estadísticas

Estadísticas generales
  • Esta prueba ha sido intentada 163 veces
  • La puntuación promedio es 22 de 28
Estadísticas de respuestas
Posición # Situación actual Jugador % Correcto
Arquero 21 Plantel Profesional Gabriel Arias
98%
YDelantero 09 Plantel Profesional Adrián Martínez
95%
Defensor 15 Plantel Profesional Gastón Martirena
93%
ZEntrenador - Plantel Profesional Gustavo Costas
93%
Arquero 25 Plantel Profesional Facundo Cambeses
91%
Mediocampista 13 Plantel Profesional Santiago Sosa
91%
Defensor 27 Plantel Profesional Gabriel Rojas
90%
YDelantero 77 Plantel Profesional Adrián Balboa
87%
Mediocampista 32 Plantel Profesional Agustín Almendra
87%
Mediocampista 05 Plantel Profesional Juan Nardoni
86%
YDelantero 07 Plantel Profesional Maximiliano Salas
86%
YDelantero 10 Plantel Profesional Luciano Vietto
85%
Defensor 03 Plantel Profesional Marco di Cesare
84%
YDelantero 28 Plantel Profesional Santiago Solari
84%
Mediocampista 36 Plantel Profesional Bruno Zuculini
83%
Defensor 02 Plantel Profesional Agustín García Basso
81%
Defensor 23 Plantel Profesional Nazareno Colombo
81%
Defensor 34 Plantel Profesional Facundo Mura
79%
Mediocampista 22 Plantel Profesional Baltasar Rodríguez
73%
Mediocampista 19 Plantel Profesional Ignacio Rodríguez
72%
Mediocampista 11 Plantel Profesional Matías Zaracho
69%
Defensor 35 Plantel Profesional Santiago Quirós
66%
Mediocampista 16 Plantel Profesional Martín Barrios
63%
Arquero 01 Plantel Profesional Francisco Gómez
61%
YDelantero 41 Plantel Profesional Ramiro Degregorio
61%
Defensor 20 Plantel Profesional Germán Conti
57%
Defensor 43 Plantel Profesional Gonzalo Escudero
53%
Mediocampista 49 Plantel Profesional David González
47%
No se encontraron pruebas coincidentes
Distribución de puntuación
Porcentaje de gente con cada puntuación
Porcentaje por número respondido
Historial de tus puntuaciones
No has intentado esta prueba.